• 首页
  • 本馆介绍
  • 公告通知
  • 最新文献
  • 馆藏检索
  • 电子资源
  • 读者导购
  • 参考咨询
  • 我的图书馆
  • 登录
  • 详细信息显示
  • 放入我的书架
  • 预约/预借图书
  • 作者相关作品
  • 分类相关作品
  • 丛书相关作品
  • 出版社相关作品

书目信息

  • 表格格式
  • 工作单格式
  • 卡片格式
题名:
现代化学肥料学
    
 
作者: 奚振邦 , 黄培钊 , 段继贤 编著
分册:  
出版信息: 北京   中国农业出版社  2013.05
页数: 597页
开本: 21cm
丛书名:
单 册:
中图分类: S143
科图分类:
主题词: 化学肥料
电子资源:
ISBN: 978-7-109-17584-6
000 00912nam0 2200277 450
001 006132618
005 20140609084307.06
010    @a978-7-109-17584-6@b精装@dCNY60.00
100    @a20130802d2013 em y0chiy0110 ea
101 0  @achi
102    @aCN@b110000
105    @aak z 000yy
106    @ar
200 1  @a现代化学肥料学@9xian dai hua xue fei liao xue@f奚振邦,黄培钊,段继贤编著
205    @a2版@b增订版
210    @a北京@c中国农业出版社@d2013.05
215    @a597页@c图@d21cm
330    @a本书阐述了化学肥料科学的概念、理论、方法、技术等,同时又拓展了化肥与生态环境、化肥与土壤肥力、化肥与农产品质量,以及当代节水和设施农业中的喷(滴)灌溉施肥技术等内容。
333    @a现代化学肥料学研究相关人员
606 0  @a化学肥料
690    @aS143@v5
701  0 @a奚振邦@4编著
701  0 @a黄培钊@4编著
701  0 @a段继贤@4编著
801  0 @aCN@b人天书店@c20130802
905    @b547973-75@dS143@e78=2@f3
    
    现代化学肥料学/奚振邦,黄培钊,段继贤编著.-2版,增订版.-北京:中国农业出版社,2013.05
    597页:图;21cm
    使用对象:现代化学肥料学研究相关人员
    
    ISBN 978-7-109-17584-6(精装):CNY60.00
    本书阐述了化学肥料科学的概念、理论、方法、技术等,同时又拓展了化肥与生态环境、化肥与土壤肥力、化肥与农产品质量,以及当代节水和设施农业中的喷(滴)灌溉施肥技术等内容。
●
相关链接 在E读中查询图书 在五车中查询图书 在当当中查询图书 在豆瓣中查询图书


正题名:现代化学肥料学     索取号:S143/78=2         预约/预借

序号 登录号 条形码 馆藏地/架位号 状态 备注
1 547973   205479739   第二样本阅览室/ [索取号:S143/78=2] 在馆    
2 547974   205479748   密集书库-化学系/ [索取号:S143/78=2] 在馆    
3 547975   205479757   第三借阅区/ [索取号:S143/78=2] 在馆    
欢迎您!
大连网信软件有限公司© 版权所有